Catálogo
 En Linea

Bibliografía nacional : (Registro nro. 17154)

Detalles MARC
000 -CABECERA
campo de control de longitud fija 00758nam a2200217 a 4500
001 - NÚMERO DE CONTROL
campo de control 000017629
005 - FECHA Y HORA DE LA ÚLTIMA TRANSACCIÓN
campo de control 20240530073934.0
008 - DATOS DE LONGITUD FIJA--INFORMACIÓN GENERAL
campo de control de longitud fija 100329s1976 dr r 001 e spa d
040 ## - FUENTE DE LA CATALOGACIÓN
Centro catalogador/agencia de origen DO-SdBNP
Lengua de catalogación spa
Centro/agencia transcriptor BNPHU
082 ## - NÚMERO DE LA CLASIFICACIÓN DECIMAL DEWEY
Número de clasificación RD864.44
Número de documento/Ítem E74b
100 1# - ENTRADA PRINCIPAL--NOMBRE DE PERSONA
Nombre de persona Escobal, Luis S.
9 (RLIN) 38438
245 10 - MENCIÓN DE TÍTULO
Título Bibliografía nacional :
Resto del título folletos... y otros escritos /
Mención de responsabilidad, etc. Luis S. Escobal.
246 14 - FORMA VARIANTE DE TÍTULO
Título propio/Titulo breve Folletos... y otros escritos
260 ## - PUBLICACIÓN, DISTRIBUCIÓN, ETC.
Lugar de publicación, distribución, etc. Santo Domingo :
Nombre del editor, distribuidor, etc. Alfa y Omega,
Fecha de publicación, distribución, etc. 1976.
300 ## - DESCRIPCIÓN FÍSICA
Extensión 139 p. ;
Dimensiones 20 cm.
505 0# - NOTA DE CONTENIDO CON FORMATO
Título Folletos --
-- El libro --
-- José Dubeau (un maestro ejemplar) --
-- Otros escritos.
590 ## - NOTA LOCAL (RLIN)
Nota local Inventariado, 2019/BT
650 #0 - PUNTO DE ACCESO ADICIONAL DE MATERIA--TÉRMINO DE MATERIA
Término de materia o nombre geográfico como elemento de entrada Ensayos dominicanos
9 (RLIN) 65
650 #0 - PUNTO DE ACCESO ADICIONAL DE MATERIA--TÉRMINO DE MATERIA
Término de materia o nombre geográfico como elemento de entrada Literatura dominicana.
9 (RLIN) 67
910 ## - DATOS DE OPCIÓN DEL USUARIO (OCLC)
Datos de opción del usuario Validado. Control de calidad. EMS
Existencias
Estado de retiro Estado de pérdida Restricciones de uso No para préstamo Código de colección Localización permanente Ubicación/localización actual Ubicación en estantería Fecha de adquisición Número de inventario Total de préstamos Signatura topográfica completa Código de barras Fecha visto por última vez Número de copia Precio válido a partir de Tipo de ítem Koha Nota pública
        Dominicana de Servicio General General Depósito 29.03.2010 LF1   RD864.44 E74b 17629-30 25.06.2020 e.3 25.06.2020 Libro y Folleto Colección Dominicana de Servicio Perteneció a la biblioteca personal de Bárbara Suncar.
        Dominicana de Servicio General General Depósito 29.03.2010 LF1   RD864.44 E74b 17629-40 25.06.2020 e.4 25.06.2020 Libro y Folleto Colección Dominicana de Servicio  
        Dominicana de Servicio General General Depósito 17.08.2011 LF1   RD864.44 E74b 17629-50 25.06.2020 e.5 25.06.2020 Libro y Folleto Colección Dominicana de Servicio  
      Excluido de préstamo Patrimonio Dominicano Patrimonio Dominicano Patrimonio Dominicano Depósito 29.03.2010 LF1   RD864.44 E74b 17629-10 25.06.2020   25.06.2020 Libro y Folleto Colección Patrimonio Dominicano Perteneció a la biblioteca personal de Germán Emilio Ornes.
      Excluido de préstamo Patrimonio Dominicano Patrimonio Dominicano Patrimonio Dominicano Depósito 29.03.2010 LF1   RD864.44 E74b 17629-20 25.06.2020 e.2 25.06.2020 Libro y Folleto Colección Patrimonio Dominicano  

Con tecnología Koha